00660nam a2200217 i 450000100060000000300090000600500170001500700030003200800410003502000180007608000100009410000210010424500430012525000370016826000530020530000220025849000560028065000170033683000560035385200330040992657ES-MaACL20230906181027.0t|050413s1976 sp ||||1| spa d a84-375-0075-3 a81'371 aGuiraud, Pierre.13aLa semántica / cpar Pierre Guiraud. a1ª ed. en español, 3ª reimp. aMadrid : bFondo de Cultura Económica, c1976. a114 p. ; c17 cm.1 aBreviarios del Fondo de Cultura Económica ; v15314aSemántica.0 aBreviarios del Fondo de Cultura Económica ; v153 aES-MaACLjE-10962 bR.135805